| 000 | 00586aam a2200229 4500 | ||
|---|---|---|---|
| 005 | 20161114104142.0 | ||
| 008 | 150715b xxu||||| |||| 00| 0 spa d | ||
| 041 | _aEspañol | ||
| 082 | _a411 O78o | ||
| 245 | _aOrtografía: Lengua Española, reglas y ejercicios | ||
| 260 | _aMéxico | ||
| 260 | _bLarousse | ||
| 260 | _c2003 | ||
| 300 | _a316 páginas | ||
| 650 |
_aORTOGRAFÍA _931237 |
||
| 650 |
_aESPAÑOL _91515 |
||
| 650 |
_aACENTUACIÓN _98823 |
||
| 650 |
_aPUNTUACIÓN _915567 |
||
| 650 |
_aNUMERALES _920417 |
||
| 650 |
_aREGLAS ORTOGRÁFICAS _916232 |
||
| 942 | _cBK | ||
| 999 |
_c1729 _d1729 |
||